Vzdelanostná úroveň

Podrobná bibliografia
Hlavní autori: Hlad, František (Autor), Stolárová, Eva (Autor)
Médium: Článok
Jazyk:slovenčina
Fyzický popis:Obr. 1. Tb. 6.
Predmet:

MARC

LEADER 00000nab a2200000 a 4500
001 vtls000421639
003 SK-MaSNL
005 20260311224552.0
008 230223c1991 xo 0 slo
015 |a SNBRB19rr/mm-uuuuu 
035 |a CL0421767 
035 |a urn:nbn:sk:snk-ab31dv 
035 |a (urnnbn)urn:nbn:sk:snk:ar-a04k9d 
035 |a (uuid)3dec2ecd-506b-4668-98b4-87c87b0e687f 
040 |a SNKBUCL  |b slo  |c SNKBUCL  |e AACR2 
041 0 |a slo 
044 |a xo  |c SK 
080 |a 371(437)  |2 1981 
100 1 |a Hlad, František  |4 aut  |9 901922 
245 1 0 |a Vzdelanostná úroveň  |c František Hlad, Eva Stolárová 
300 |b Obr. 1. Tb. 6. 
650 0 7 |a vzdelanie  |2 snkbucl  |9 21570 
650 0 7 |a kvalifikácia  |2 snkbucl  |9 478138 
651 7 |a Československo  |2 snkbucl  |9 21376 
655 7 |a články z novín a časopisov  |2 snkbucl  |9 267496 
700 1 |a Stolárová, Eva  |4 aut  |9 1590274 
773 0 |t Otázky práce  |g Roč. 2, č. 4 (1991), s. 6 a 19-21 
850 |a Slovenská národná knižnica v Martine  |a MTA001 
852 |a SNK  |b KIS3GCP 
954 |a odborná, vedecká literatúra pôvodná (slovenská)  |2 lita 
958 |a RK 
958 |a OND 
958 |a EUIPO 
958 |a article27 
992 |a RBX 
999 |c 3260298  |d 3262228